| 000 | 00561nam a2200181 a 4500 | ||
|---|---|---|---|
| 005 | 20240419063902.0 | ||
| 008 | 991125s1970 mx 000 0 spa u | ||
| 035 | _aUPN01000032069 | ||
| 049 | _aCG | ||
| 050 | 4 |
_aHA29 _bR3.3 |
|
| 100 | 1 | _aRascón Ch., Octavio A. | |
| 245 | 1 | 0 |
_aIntroducción a la estadística descriptiva / _cOctavio A. Rascón Ch. |
| 260 |
_aMéxico : _bUNAM, Dirección General de Publicaciones, _c1970 |
||
| 300 |
_a2 v. : _bgráfs |
||
| 440 | 0 | _aTextos programados | |
| 650 | 4 |
_aEstadística _xEstudio y enseñanza _99192 |
|
| 905 | _aLibro | ||
| 999 |
_c32069 _d32069 |
||